C. Mác, Ph. Ăng-ghen, V. I. Lênin bàn về lô-gích học biện chứng
Tài liệu nghiên cứu về tư cách khoa học độc lập của logic học biện chứng, mối quan hệ qua lại giữa logic học biện chứng một mặt với phép biện chứng và mặt khác, với logic học hình thức, vai trò phương pháp luận khoa học chung của logic ho...
Αποθηκεύτηκε σε:
| Κύριος συγγραφέας: | |
|---|---|
| Μορφή: | Βιβλίο |
| Γλώσσα: | Undetermined |
| Έκδοση: |
Hà Nội
Thông tin lý luận
1985
|
| Θέματα: | |
| Ετικέτες: |
Προσθήκη ετικέτας
Δεν υπάρχουν, Καταχωρήστε ετικέτα πρώτοι!
|
| Thư viện lưu trữ: | Trung tâm Học liệu Trường Đại học Cần Thơ |
|---|
| LEADER | 01092nam a2200193Ia 4500 | ||
|---|---|---|---|
| 001 | CTU_153565 | ||
| 008 | 210402s9999 xx 000 0 und d | ||
| 082 | |a 160 | ||
| 082 | |b H466 | ||
| 100 | |a Tô, Duy Hợp | ||
| 245 | 0 | |a C. Mác, Ph. Ăng-ghen, V. I. Lênin bàn về lô-gích học biện chứng | |
| 245 | 0 | |c Tô Duy Hợp chủ biên | |
| 260 | |a Hà Nội | ||
| 260 | |b Thông tin lý luận | ||
| 260 | |c 1985 | ||
| 520 | |a Tài liệu nghiên cứu về tư cách khoa học độc lập của logic học biện chứng, mối quan hệ qua lại giữa logic học biện chứng một mặt với phép biện chứng và mặt khác, với logic học hình thức, vai trò phương pháp luận khoa học chung của logic học biện chứng. Tài liệu cũng nghiên cứu lịch sử hình thành và phát triển logic biện chứng. | ||
| 650 | |a Logic,Marxism-Leninism | ||
| 904 | |i Bạch Trúc | ||
| 980 | |a Trung tâm Học liệu Trường Đại học Cần Thơ | ||